AEW finishers - Statistics

General Stats
  • This quiz has been taken 121 times
  • The average score is 17 of 80
Answer Stats
Hint Answer % Correct
Kenny Omega one winged angel
80%
Darby Allin coffin drop
71%
Cody Rhodes cross rhodes
69%
Cm Punk GTS
66%
Chris Jericho judas effect
65%
Matt Hardy twist of fate
64%
Malakai Black black mass
58%
Christian Cage killswitch
56%
Jon Moxley paradigm shift
55%
MJF salt of the earth
50%
Pac black arrow
48%
Hangman Adam Page dead eye
48%
Adam Cole last shot
48%
Dr. Britt Baker D.M.D lock jaw
46%
Orange Cassidy beach break
44%
Mark Henry worlds strongest slam
44%
10 powerbomb
38%
Miro game over
35%
Frankie Kazarian scorpion death drop
35%
Nyla Rose beast bomb
34%
Ethan Page ego's edge
33%
Bryan Danielson running knee
33%
Lance Archer blackout
31%
Sammy Guevara GTH
31%
The Young Bucks BTE trigger
29%
Andrade El Idolo hammer lock ddt
29%
Anna Jay queen slayer
29%
Jungle Boy snare trap
29%
Chuck Taylor awful waffle
23%
Mr. Brodie Lee discus clothesline
23%
Isiah Kassidy and Marq Quen gin and juice
23%
Jack Evans 630
21%
Christopher Daniels best moonsault ever
19%
Paul Wight ko punch
19%
Wardlow F-10
16%
Doc Gallows magic killer
16%
Matt Sydal shooting star press
16%
Brian Cage Weapon X
16%
Rey Fenix fenix driver
15%
Penta El Zero M pentagon driver
15%
Big Swole dirty dancing
13%
Thunder Rosa fire thunder driver
11%
QT Marshall QT cutter
11%
Colt Cabana superman pin
11%
Dustin Rhodes final reckoning
10%
Santana and Ortiz street sweeper
10%
Kip Sabian deathly hallows
9%
Shawn Spears death valley driver
9%
Karl Anderson gun stun
9%
Peter Avalon marti-knees
9%
Cash Wheeler and Dax Hardwood mind breaker
9%
Tay Conti tay-ko
9%
Angelico navarro death roll
8%
Austin Gunn quick draw
8%
Alan Angels wing snapper
8%
Joey Janela elbow drop
6%
Evil Uno fatality
6%
Brandi Rhodes shot of brandi
6%
Trent? strong zero
6%
Brandon Cutler TPK
6%
The Acclaimed acclaim to fame
5%
Kris Statlander big bang theory
5%
Hikaru Shida running knee strike
5%
Red Velvet big boot
4%
Kiera Hogan face the music
4%
The Butcher and The Blade full death
4%
Stu Grayson nightfall
4%
The Bunny rabbit hole
4%
Ruby Soho riott kick
4%
Scorpio Sky SCU later
4%
powerhouse hobbs town business
4%
Abadon cemetery drive
3%
Sting scorpio deathlock
3%
Sonny Kiss split leg drop
3%
Luchasaurus back drop
1%
Penelope Ford bridging fisherman suplex
1%
Alex Reynolds double flipping ddt
1%
John Silver double flipping ddt
1%
Ricky Starks running dominator
1%
Jake Hager triangle armbar
1%
No matching quizzes found
Score Distribution
Percent of People with Each Score
Percentile by Number Answered
Your Score History
You have not taken this quiz